00000000nam 2200000zi 4500
0019.925789
003CaOODSP
00520250131115306
006m     o  d f      
007cr |n|||||||||
008230719e200502##oncdb   ob   f|0| 0 eng d
020 |z1894280490
040 |aCaOODSP|beng|erda|cCaOODSP
043 |an-cn-qu
0861 |aEn4-594/2005E-PDF
24500|aTransboundary impacts of the Missisquoi Bay causeway and the Missisquoi Bay bridge project : |ba report to the governments of the United States and Canada / |cthe International Joint Commission.
264 1|aOttawa : |bInternational Joint Commission, |cFebruary 2005.
300 |a1 online resource (1 volume (various pagings)) : |bcharts, maps
336 |atext|btxt|2rdacontent
337 |acomputer|bc|2rdamedia
338 |aonline resource|bcr|2rdacarrier
500 |aDigitized edition from print [produced by Environment and Climate Change Canada].
504 |aIncludes bibliographical references.
520 |a"This is the International Joint Commission’s final report in response to the Reference by letters of May 7, 2004, and May 11, 2004, from the governments of Canada and the United States, respectively, regarding the potential transboundary impacts of the Missisquoi Bay causeway and the proposed new bridge (Appendix 1). Based on the report of the Commission’s International Missisquoi Bay Task Force and extensive public consultations (Appendices 2 and 3), the Commission is satisfied that the causeway does not affect water levels in Canada and affects flows or circulation patterns in Canada inconsequentially, if at all. Moreover, the Commission is satisfied that neither the causeway nor the new bridge project causes any pollution resulting in transboundary injury to health or property"--Overview, page 1.
650 0|aBridges|zQuébec (Province)|xDesign and construction.
650 0|aBridges|xEnvironmental aspects|zQuébec (Province)
650 6|aPonts|zQuébec (Province)|xConception et construction.
650 6|aPonts|xAspect de l'environnement|zQuébec (Province)
7102 |aInternational Joint Commission, |eissuing body.
85640|qPDF|s1.71 MB|uhttps://publications.gc.ca/collections/collection_2025/eccc/en4/En4-594-2005-eng.pdf